Social marketing for small business.

Bibliographic Details
Corporate Author: International Trade Center (ITC)
Format: Book
Published: Geneva: International Trade Center (ITC), 2014.
Subjects:
LEADER 00429cam a2200145 7i4500
001 0000032315
005 20150409090000.0
090 0 0 |a B 658.8   |b INT 
110 2 0 |a International Trade Center (ITC) 
245 1 0 |a Social marketing for small business. 
260 0 0 |a Geneva:   |b International Trade Center (ITC),   |c 2014. 
300 # # |a 87 p. 
650 0 0 |a Marketing  
650 0 0 |a Social marketing  
999 |a 0000035087  |b Book  |c Book  |e Business Information Centre